00545nam a2200133 a 450000500170000000800410001705000180005810000200007624500580009626000420015499900190019695200980021595200980031320140414131855.0100901s19uu xx 00 eng d aFILbB17 2001 aCanon, Kristine aBakit matagal ang sundo ko? :bWhy is my mommy late?. aManila, Philippines :bAdarna,c2001. c110442d110442 001040aMUbMUcFILd2010-09-01l0oFIL B17 2001pM0850r2014-04-14 00:00:00w2014-04-14yBK 001040aMUbMUcFILd2012-10-23l0oFIL B17 2001pM6821r2014-04-14 00:00:00w2014-04-14yBK